=LDR 00000nam 2200000 4500 =001 INLIS000000000006014 =005 20130612094204 =008 ***********************************Ind** =035 ##$$0010-061300000006014 =041 ##$$a Ind =082 ##$$a 291.3 =090 ##$$a 291.3, Muh m =100 ##$$a Muhni, Jurenta A. Imam =245 ##$$a Moral =260 ##$$a 1994 $b Yogyakarta =300 ##$$a 149 hlm., 21 cm =650 ##$$a Agama dan Etika =850 ##$$a NBPNMAT